<?xml version="1.0" encoding="UTF-8"?>
<record
    xmlns:xsi="http://www.w3.org/2001/XMLSchema-instance"
    xsi:schemaLocation="http://www.loc.gov/MARC21/slim http://www.loc.gov/standards/marcxml/schema/MARC21slim.xsd"
    xmlns="http://www.loc.gov/MARC21/slim">

  <leader>03550njm a2200553Ia 4500</leader>
  <controlfield tag="001">24146</controlfield>
  <controlfield tag="003">IT-RoPAU</controlfield>
  <controlfield tag="005">20220918181118.0</controlfield>
  <controlfield tag="008">131025s9999    xx            000 0 und d</controlfield>
  <datafield tag="040" ind1=" " ind2=" ">
    <subfield code="a">IT-RoPAU</subfield>
  </datafield>
  <datafield tag="040" ind1=" " ind2=" ">
    <subfield code="c">IT-RoPAU</subfield>
  </datafield>
  <datafield tag="999" ind1=" " ind2=" ">
    <subfield code="c">99542</subfield>
    <subfield code="d">99542</subfield>
  </datafield>
  <datafield tag="999" ind1=" " ind2=" ">
    <subfield code="b">n.d.</subfield>
  </datafield>
  <datafield tag="100" ind1=" " ind2=" ">
    <subfield code="a">AA.VV.</subfield>
    <subfield code="9">794</subfield>
  </datafield>
  <datafield tag="100" ind1=" " ind2=" ">
    <subfield code="e">Autore musica</subfield>
    <subfield code="9">9153</subfield>
  </datafield>
  <datafield tag="100" ind1=" " ind2=" ">
    <subfield code="g">Codice autore musica SPICS: 12000</subfield>
    <subfield code="9">796</subfield>
  </datafield>
  <datafield tag="245" ind1=" " ind2=" ">
    <subfield code="a">Oktoberfest-Will Glah&#xE8; and His Orchestra-Music and Sound Effects of This Famous Festival</subfield>
  </datafield>
  <datafield tag="250" ind1=" " ind2=" ">
    <subfield code="a">1a ed.</subfield>
  </datafield>
  <datafield tag="260" ind1=" " ind2=" ">
    <subfield code="a">LONDON</subfield>
  </datafield>
  <datafield tag="260" ind1=" " ind2=" ">
    <subfield code="b">DECCA RECORD COMPANY</subfield>
    <subfield code="c">1970 [1a Ed.:1970 - Ed. Lingua Orig.: 1970]</subfield>
  </datafield>
  <datafield tag="300" ind1=" " ind2=" ">
    <subfield code="a">DISCO</subfield>
  </datafield>
  <datafield tag="500" ind1=" " ind2=" ">
    <subfield code="a">Musica strumentale. Effetti sonori</subfield>
  </datafield>
  <datafield tag="505" ind1=" " ind2=" ">
    <subfield code="a">Bayerische Polka - Trink', Trink', Bruderlein Trink' - Bayerische Schuhplattler - In Munchen Steht Ein Hofbrauhaus - Der Treue Husar  - Beer Barrel Polka (Rosamunde) - Das Humbta-Tatera - Alte Kameraden - Du Kannst Nicht Treu Sein - Liechtensteiner Polka - Ja, So Warn's Die Alten Rittersleut - Auf Wiederseh'n Sweetheart</subfield>
  </datafield>
  <datafield tag="511" ind1=" " ind2=" ">
    <subfield code="a">Will Glah&#xE8; and his Orchestra</subfield>
  </datafield>
  <datafield tag="650" ind1=" " ind2=" ">
    <subfield code="a">STRUMENTALE [DISCHI]</subfield>
    <subfield code="e">Codice MATERIA SPICS: 9950</subfield>
    <subfield code="9">828</subfield>
  </datafield>
  <datafield tag="700" ind1=" " ind2=" ">
    <subfield code="a">Glah&#xE9; Will</subfield>
    <subfield code="g">Codice interprete SPICS: 8033</subfield>
    <subfield code="e">Interprete</subfield>
    <subfield code="9">9154</subfield>
  </datafield>
  <datafield tag="700" ind1=" " ind2=" ">
    <subfield code="a">Lohmann</subfield>
    <subfield code="g">Codice autore musica SPICS: 14444</subfield>
    <subfield code="e">Autore musica</subfield>
    <subfield code="p">Bayerische Polka</subfield>
    <subfield code="9">9155</subfield>
  </datafield>
  <datafield tag="700" ind1=" " ind2=" ">
    <subfield code="a">Lindemann Wilhelm</subfield>
    <subfield code="g">Codice autore musica SPICS: 14053</subfield>
    <subfield code="e">Autore musica</subfield>
    <subfield code="p">Trink', Trink', Bruderlein Trink'</subfield>
    <subfield code="9">9156</subfield>
  </datafield>
  <datafield tag="700" ind1=" " ind2=" ">
    <subfield code="a">Anonimo</subfield>
    <subfield code="g">Codice autore musica SPICS: 2620</subfield>
    <subfield code="e">Autore musica</subfield>
    <subfield code="p">Bayerische Schuhplattler</subfield>
    <subfield code="9">9157</subfield>
  </datafield>
  <datafield tag="700" ind1=" " ind2=" ">
    <subfield code="a">Gabriel</subfield>
    <subfield code="g">Codice autore musica SPICS: 27136</subfield>
    <subfield code="e">Autore musica</subfield>
    <subfield code="p">In Munchen Steht Ein Hofbrauhaus</subfield>
    <subfield code="9">9158</subfield>
  </datafield>
  <datafield tag="700" ind1=" " ind2=" ">
    <subfield code="a">Reiter</subfield>
    <subfield code="g">Codice autore SPICS: 18011</subfield>
    <subfield code="e">Autore</subfield>
    <subfield code="p">In Munchen Steht Ein Hofbrauhaus</subfield>
    <subfield code="9">9159</subfield>
  </datafield>
  <datafield tag="700" ind1=" " ind2=" ">
    <subfield code="a">Richter Frantisek Xaver</subfield>
    <subfield code="g">Codice autore testo/musica SPICS: 14275</subfield>
    <subfield code="e">Autore testo/musica</subfield>
    <subfield code="p">In Munchen Steht Ein Hofbrauhaus - Beer Barrel Polka (Rosamunde)</subfield>
    <subfield code="9">9160</subfield>
  </datafield>
  <datafield tag="700" ind1=" " ind2=" ">
    <subfield code="a">Frantzen E.</subfield>
    <subfield code="g">Codice autore musica SPICS: 27162</subfield>
    <subfield code="e">Autore musica</subfield>
    <subfield code="p">Der Treue Husar</subfield>
    <subfield code="9">9161</subfield>
  </datafield>
  <datafield tag="700" ind1=" " ind2=" ">
    <subfield code="a">Vejvoda Jaromir</subfield>
    <subfield code="g">Codice autore musica SPICS: 13982</subfield>
    <subfield code="e">Autore musica</subfield>
    <subfield code="p">Beer Barrel Polka (Rosamunde)</subfield>
    <subfield code="9">9162</subfield>
  </datafield>
  <datafield tag="700" ind1=" " ind2=" ">
    <subfield code="a">Brown</subfield>
    <subfield code="g">Codice autore SPICS: 20445</subfield>
    <subfield code="e">Autore</subfield>
    <subfield code="p">Beer Barrel Polka (Rosamunde)</subfield>
    <subfield code="9">9163</subfield>
  </datafield>
  <datafield tag="700" ind1=" " ind2=" ">
    <subfield code="a">Hammerle</subfield>
    <subfield code="g">Codice autore musica SPICS: 27164</subfield>
    <subfield code="e">Autore musica</subfield>
    <subfield code="p">Das Humbta-Tatera</subfield>
    <subfield code="9">9164</subfield>
  </datafield>
  <datafield tag="700" ind1=" " ind2=" ">
    <subfield code="a">Glah&#xE9; Will</subfield>
    <subfield code="g">Codice autore SPICS: 8033</subfield>
    <subfield code="e">Autore </subfield>
    <subfield code="p">Das Humbta-Tatera - Ja, So Warn's Die Alten Rittersleut</subfield>
    <subfield code="9">9165</subfield>
  </datafield>
  <datafield tag="700" ind1=" " ind2=" ">
    <subfield code="a">Teike C.</subfield>
    <subfield code="g">Codice autore musica SPICS: 13891</subfield>
    <subfield code="e">Autore musica</subfield>
    <subfield code="p">Alte Kameraden</subfield>
    <subfield code="9">9166</subfield>
  </datafield>
  <datafield tag="700" ind1=" " ind2=" ">
    <subfield code="a">Otten</subfield>
    <subfield code="g">Codice autore musica SPICS: 27165</subfield>
    <subfield code="e">Autore musica</subfield>
    <subfield code="p">Du Kannst Nicht Treu Sein</subfield>
    <subfield code="9">9167</subfield>
  </datafield>
  <datafield tag="700" ind1=" " ind2=" ">
    <subfield code="a">Ebeler</subfield>
    <subfield code="g">Codice autore SPICS: 27166</subfield>
    <subfield code="e">Autore</subfield>
    <subfield code="p">Du Kannst Nicht Treu Sein</subfield>
    <subfield code="9">9168</subfield>
  </datafield>
  <datafield tag="700" ind1=" " ind2=" ">
    <subfield code="a">Kotscher</subfield>
    <subfield code="g">Codice autore musica SPICS: 13978</subfield>
    <subfield code="e">Autore musica</subfield>
    <subfield code="p">Liechtensteiner Polka</subfield>
    <subfield code="9">9169</subfield>
  </datafield>
  <datafield tag="700" ind1=" " ind2=" ">
    <subfield code="a">Lindt</subfield>
    <subfield code="g">Codice autore SPICS: 13979</subfield>
    <subfield code="e">Autore</subfield>
    <subfield code="p">Liechtensteiner Polka</subfield>
    <subfield code="9">9170</subfield>
  </datafield>
  <datafield tag="700" ind1=" " ind2=" ">
    <subfield code="a">Valentin</subfield>
    <subfield code="g">Codice autore musica SPICS: 27168</subfield>
    <subfield code="e">Autore musica</subfield>
    <subfield code="p">Ja, So Warn's Die Alten Rittersleut</subfield>
    <subfield code="9">9171</subfield>
  </datafield>
  <datafield tag="700" ind1=" " ind2=" ">
    <subfield code="a">Loffler</subfield>
    <subfield code="g">Codice autore SPICS: 27170</subfield>
    <subfield code="e">Autore</subfield>
    <subfield code="p">Ja, So Warn's Die Alten Rittersleut</subfield>
    <subfield code="9">9172</subfield>
  </datafield>
  <datafield tag="700" ind1=" " ind2=" ">
    <subfield code="a">Storch</subfield>
    <subfield code="g">Codice autore musica SPICS: 13986</subfield>
    <subfield code="e">Autore musica</subfield>
    <subfield code="p">Auf Wiederseh'n Sweetheart</subfield>
    <subfield code="9">9173</subfield>
  </datafield>
  <datafield tag="700" ind1=" " ind2=" ">
    <subfield code="a">Sexton</subfield>
    <subfield code="g">Codice autore SPICS: 27135</subfield>
    <subfield code="e">Autore</subfield>
    <subfield code="p">Auf Wiederseh'n Sweetheart</subfield>
    <subfield code="9">9174</subfield>
  </datafield>
  <datafield tag="700" ind1=" " ind2=" ">
    <subfield code="a">Turner Joe</subfield>
    <subfield code="g">Codice autore testo/musica SPICS: 15797</subfield>
    <subfield code="e">Autore testo/musica</subfield>
    <subfield code="p">Auf Wiederseh'n Sweetheart</subfield>
    <subfield code="9">9175</subfield>
  </datafield>
  <datafield tag="700" ind1=" " ind2=" ">
    <subfield code="e">Autore musica</subfield>
    <subfield code="9">9176</subfield>
  </datafield>
  <datafield tag="942" ind1=" " ind2=" ">
    <subfield code="c">MD</subfield>
    <subfield code="2">ddc</subfield>
  </datafield>
  <datafield tag="952" ind1=" " ind2=" ">
    <subfield code="0">0</subfield>
    <subfield code="1">0</subfield>
    <subfield code="4">0</subfield>
    <subfield code="6">24146_000000000000000</subfield>
    <subfield code="7">1</subfield>
    <subfield code="a">SPICS</subfield>
    <subfield code="b">SPICS</subfield>
    <subfield code="d">2013-10-25</subfield>
    <subfield code="l">0</subfield>
    <subfield code="o">24146</subfield>
    <subfield code="r">2013-10-25 00:00:00</subfield>
    <subfield code="w">2013-10-25</subfield>
    <subfield code="y">MD</subfield>
    <subfield code="z">Progr. Ins.: 4993 / N.Vol.: 1 / Copie: 1 - Copia rara: n.d. / date import: 01.01.2014 - By Epidotti, Trombetti, Vaglietti</subfield>
  </datafield>
</record>
